000
00288nam a22001337a 4500
008
170615b xxu||||| |||| 00| 0 eng d
020
_a
9780072876253
041
_a
eng
080
_a
32
100
_a
19
101
_a
SHP
245
_a
WHO RULES AMERICA?
_c
DOMHOFF,G.W
942
_2
udc
_c
BK
999
_c
17485
_d
17485